| 000 | 01627nam 22002413 4500 | ||
|---|---|---|---|
| 001 | 199401 | ||
| 010 | _a978-989-583-541-6 | ||
| 021 |
_aPT _b542277/25 |
||
| 090 | _a199401 | ||
| 100 | _a20251204d u||y0pory50 ba | ||
| 200 |
_aA biblioteca dos amantes de livros _fMadeline Martin _gtradução Dinis Pires |
||
| 205 | _a1ª | ||
| 210 |
_aLisboa _cTopseller _d2025 |
||
| 215 |
_a383 p. _cbrochado _d23 cm |
||
| 300 | _a.- Romance Histórico | ||
| 330 | _aInglaterra, 1939. Tendo perdido o marido recentemente, Emma Taylor procura um emprego que a sustente e à filha, Olivia. Na cidade de Nottingham onde vivem, contudo, estão em vigor múltiplas restrições que impedem mães viúvas de serem contratadas por qualquer estabelecimento. Assim, só lhe resta uma opção: persuadir a diretora da biblioteca da Boots a dar-lhe trabalho. Quando a guerra ameaça atingir Inglaterra, Olivia tem de ser deslocada para o campo, tal como milhares de crianças. Vendo-se obrigada a separar-se da filha, Emma procura consolo nas amizades improváveis que estabelece com os seus vizinhos e colegas, bem como na missão de recomendar livros aos peculiares clientes da biblioteca. Com o Blitz a intensificar-se em Nottingham, e fazendo tudo ao seu alcance para se reunir com a filha, resta a Emma tentar apoiar-se na sua comunidade e na esperança que a literatura transmite mesmo nos tempos mais sombrios. | ||
| 606 |
_916 _aLiteratura Americana |
||
| 675 |
_a821.111(73)-3"20" _vPT _zpor |
||
| 700 |
_915272 _aMartin _bMadeline _f1980- |
||
| 702 |
_915273 _aPires _bDinis |
||
| 801 |
_aPT _bBMMN _gRPC |
||
| 830 |
_cAna _fAna |
||
| 990 | _cLIVROS | ||